Caricamento...

On the great patriotic war of the Soviet union/

Dettagli Bibliografici
Autore principale: Stalin,Joseph
Natura: Printed Book
Pubblicazione: Calcutta: Mass publications, 1975.
LEADER 00440nam a22001217a 4500
082 |a 947.0842 STA/O 
100 |a Stalin,Joseph 
245 |a On the great patriotic war of the Soviet union/  |c Joseph Stalin 
260 |a Calcutta:  |b Mass publications,  |c 1975. 
300 |a 198p. 
942 |c BK 
999 |c 258321  |d 258321 
952 |0 0  |1 0  |4 0  |6 947_084200000000000_STA_O  |7 0  |9 287655  |a RUS  |b RUS  |c ST1  |d 2005-01-31  |i 552  |l 0  |o 947.0842 STA/O  |p RUS552  |r 2014-02-14  |w 2014-02-14  |y BK